00531nam a2200181Ia 4500020001800000082001300018245004500031260003900076300001200115440004500127504001900172650001800191650002100209650001600230650004000246650003600286700002700322 a1-4051-4668-0 a325 MIG- 0aMigration, immigration and social policy aMaldenbBlackwell Publishingc2006 avi, 170 aBroadening perspectives on social policy aincludes index aSocial policy aForced migration aDeportation aEmmigration and immigrationzEurope aEuropevPolitics and government aFiner, Catherine Jones